Ready for pet

Kaydedildi:
Detaylı Bibliyografya
Asıl Yazarlar: Kenny, Nick (Yazar), Kelly, Anne (Yazar)
Materyal Türü: Kitap
Dil:İngilizce
Baskı/Yayın Bilgisi: Oxford MacMillan Heinemann English language Teaching 2001
Konular:
Etiketler: Etiketle
Etiket eklenmemiş, İlk siz ekleyin!

MARC

LEADER 00000nam a2200000 a 4500
001 UCM7759
003 CL-VaPUC
008 030110e20010000UK |||||||||||||||||eng|d
082 0 4 |a 428  |b KEN  |2 21 
100 |a Kenny, Nick  |e author  |9 611940 
700 0 |a Kelly, Anne  |e author  |9 473393 
245 1 0 |a Ready for pet 
300 |a 126 p 
942 |c BK 
945 |d 20030110 00:00:00  |a cmena 
260 |a Oxford  |b MacMillan Heinemann English language Teaching  |c 2001 
500 |a Complementario con: 2 cassettes 
650 0 |a Educación lingüística  |9 306506 
650 0 |a Enseñanza del inglés  |9 367340 
650 0 |a Lengua inglesa  |9 318842 
650 0 |a Métodos de enseñanza  |9 270413 
583 |a last modification  |c 20030110 00:00:00  |k Rodrigo Vera 
999 |c 302439  |d 302437 
952 |0 0  |1 0  |4 0  |6 428_000000000000000_KEN_2001  |7 0  |8 A  |9 363020  |a BIBEDU  |b BIBEDU  |d 2019-11-21  |i 3871584  |o 428 KEN 2001  |p 3871584  |r 2019-11-21  |w 2019-11-21  |y BK  |k LIT